000 00578cab a2200241 4500
001 ABS60318
008 090401t1999 xxu||||| |||| 00| 0 eng d
035 _a(Sirsi) u92101
041 _aeng
100 _aPitt, T.
245 _aHappy medium
260 _c1999
350 _a0
490 _aInside Housing
_v16(9) 5 March 1999, 14(1)
650 _aCONDITION SURVEYS
650 _aHOUSING MANAGEMENT
650 _aPLANNED MAINTENANCE
650 _aSOCIAL HOUSING
690 _aBlock management
_96220
700 _aMurray, J.
942 _n0
948 _c16/03/1999
999 _c58393
_d58393